Religion and human rights: an introduction
This volume provides authoritative assessments of the contributions of Judaism, Christianity, Islam, Hinduism, Confucianism, Buddhism, and indigenous religions to the development of the ideas and institutions of human rights. It also probes the major human rights issues that confront religious indiv...
| Contributors: | ; |
|---|---|
| Format: | Electronic Book |
| Language: | English |
| Subito Delivery Service: | Order now. |
| Check availability: | HBZ Gateway |
| WorldCat: | WorldCat |
| Interlibrary Loan: | Interlibrary Loan for the Fachinformationsdienste (Specialized Information Services in Germany) |
| Published: |
New York
Oxford University Press
2012
|
| In: | Year: 2012 |
| Standardized Subjects / Keyword chains: | B
Religion
/ Human rights
|
| Further subjects: | B
Human rights Religious aspects
B Collection of essays B Religion and politics B Human Rights Religious aspects B Religion And Politics B Religions |
| Online Access: |
Table of Contents Blurb Volltext (R3Volltext) Volltext (lizenzpflichtig) |
| Parallel Edition: | Non-electronic
|
MARC
| LEADER | 00000cam a2200000 c 4500 | ||
|---|---|---|---|
| 001 | 1656714345 | ||
| 003 | DE-627 | ||
| 005 | 20260210140430.0 | ||
| 007 | cr uuu---uuuuu | ||
| 008 | 160513s2012 xxu|||||o 00| ||eng c | ||
| 020 | |a 9780190258269 | ||
| 024 | 7 | |a 10.1093/acprof:osobl/9780199733453.001.0001 |2 doi | |
| 035 | |a (DE-627)1656714345 | ||
| 035 | |a (DE-576)469639113 | ||
| 035 | |a (DE-599)BSZ469639113 | ||
| 035 | |a (OCoLC)951124362 | ||
| 035 | |a (OCoLC)951124362 | ||
| 035 | |a (UK-OxUP)EDZ0001043070 | ||
| 035 | |a (DE-627-1)052263789 | ||
| 040 | |a DE-627 |b ger |c DE-627 |e rda | ||
| 041 | |a eng | ||
| 044 | |c XD-US | ||
| 082 | 0 | |a 201.723 | |
| 084 | |a 0 |2 ssgn | ||
| 084 | |a MD 4700 |2 rvk |0 (DE-625)rvk/122515: | ||
| 084 | |a 86.85 |2 bkl | ||
| 084 | |a 11.99 |2 bkl | ||
| 245 | 0 | 0 | |a Religion and human rights |b an introduction |c edited by John Witte, Jr. and M. Christian Green |
| 264 | 1 | |a New York |b Oxford University Press |c 2012 | |
| 300 | |a 1 Online-Ressource (xviii, 392 Seiten) | ||
| 336 | |a Text |b txt |2 rdacontent | ||
| 337 | |a Computermedien |b c |2 rdamedia | ||
| 338 | |a Online-Ressource |b cr |2 rdacarrier | ||
| 520 | |a This volume provides authoritative assessments of the contributions of Judaism, Christianity, Islam, Hinduism, Confucianism, Buddhism, and indigenous religions to the development of the ideas and institutions of human rights. It also probes the major human rights issues that confront religious individuals and communities around the world today, and the main challenges that the world's religions will pose to the human rights regime in the future. | ||
| 650 | 0 | |a Human Rights |x Religious aspects | |
| 650 | 0 | |a Religions | |
| 650 | 0 | |a Religion And Politics | |
| 650 | 0 | |a Human Rights |x Religious aspects | |
| 653 | |a Human rights |a Religious aspects | ||
| 653 | |a Religions | ||
| 653 | |a Religion and politics | ||
| 655 | 7 | |a Aufsatzsammlung |0 (DE-588)4143413-4 |0 (DE-627)105605727 |0 (DE-576)209726091 |2 gnd-content | |
| 689 | 0 | 0 | |d s |0 (DE-588)4049396-9 |0 (DE-627)106187155 |0 (DE-576)209081880 |2 gnd |a Religion |
| 689 | 0 | 1 | |d s |0 (DE-588)4074725-6 |0 (DE-627)106088556 |0 (DE-576)209195088 |2 gnd |a Menschenrecht |
| 689 | 0 | |5 (DE-627) | |
| 700 | 1 | |e HerausgeberIn |0 (DE-588)124854079 |0 (DE-627)559138709 |0 (DE-576)164900667 |4 edt |a Witte, John |d 1959- | |
| 700 | 1 | |a Green, M. Christian |e HerausgeberIn |4 edt | |
| 776 | 1 | |z 9780199733453 | |
| 776 | 0 | 8 | |i Erscheint auch als |n Druck-Ausgabe |t Religion and human rights |d Oxford [u.a.] : Oxford Univ. Press, 2012 |h XVIII, 392 S. |w (DE-627)652945082 |w (DE-576)356432785 |z 9780199733446 |z 9780199733453 |z 0199733457 |z 0199733449 |k Non-Electronic |
| 856 | 4 | 0 | |u https://doi.org/10.1093/acprof:osobl/9780199733453.001.0001 |x R3Volltext |7 1 |
| 856 | 4 | 0 | |u https://academic.oup.com/book/26540 |x Verlag |z lizenzpflichtig |7 1 |
| 856 | 4 | 2 | |u https://swbplus.bsz-bw.de/bsz356432785inh.htm |m V:DE-576;B:DE-21 |q application/pdf |v 20120221094557 |3 Inhaltsverzeichnis |7 1 |
| 856 | 4 | 2 | |u https://swbplus.bsz-bw.de/bsz356432785kla.htm |m V:DE-576;B:DE-21 |q application/pdf |v 20120221094558 |3 Klappentext |7 1 |
| 912 | |a ZDB-28-OSR |b 2015 | ||
| 912 | |a GBV-28-OUP-GWLB | ||
| 912 | |a ZDB-28-OSD | ||
| 912 | |a GBV-28-OUP-SBB | ||
| 912 | |a ZDB-28-OSR | ||
| 912 | |a EBS-28-HSS | ||
| 936 | r | v | |a MD 4700 |b Menschenrechte |k Politologie |k Politische Theorie, Grundbegriffe des Politischen |k Staatstheorie |k Menschenrechte |0 (DE-627)1271068524 |0 (DE-625)rvk/122515: |0 (DE-576)201068524 |
| 936 | b | k | |a 86.85 |j Menschenrechte |q SEPA |0 (DE-627)106413236 |
| 936 | b | k | |a 11.99 |j Theologie |j Religionswissenschaft: Sonstiges |q SEPA |0 (DE-627)106403974 |
| 950 | |a Oxford Scholar Religion | ||
| 951 | |a BO | ||
| ACO | |a 1 | ||
| CAN | |a 1 | ||
| ELC | |a 1 | ||
| ORI | |a TA-MARC-ixtheo_oa001.raw | ||
| REL | |a 1 | ||
| STA | 0 | 0 | |a Human rights,Human rights,Religion,Religions,Religion,Religion in literature |
| STB | 0 | 0 | |a Droit de l’homme,Droitsde l’homme,Droit humain,Droit humain,Droits de l'homme (droit international),Droit humain (motif),Droit humain,Religion,Religions,Religion |
| STC | 0 | 0 | |a Derechos Humanos,Derechos Humanos,Religión,Religión,Religión |
| STD | 0 | 0 | |a Diritti umani <motivo>,Diritti umani,Diritti dell'uomo,Diritti dell'uomo,Diritti dell'uomo (motivo),Diritti dell'uomo,Religione,Religione,Religione |
| STE | 0 | 0 | |a 人权,宗教,宗教 |
| STF | 0 | 0 | |a 人權,宗教,宗教 |
| STG | 0 | 0 | |a Direitos Humanos,Direitos Humanos,Religião,Religião |
| STH | 0 | 0 | |a Права человека (мотив),Права человека,Религия (мотив),Религия |
| STI | 0 | 0 | |a Ανθρώπινα δικαιώματα <μοτίβο>,Ανθρώπινα δικαιώματα,Δικαιώματα του ανθρώπου,Δικαιώματα του ανθρώπου (μοτίβο),Θρησκεία (μοτίβο),Θρησκεία |
| SUB | |a CAN |a REL | ||
| SYG | 0 | 0 | |a Religion,Mystik,Mythologie , Menschenrechte,Menschenrechte |